Get the Picture: Great Britain in 15 Categories Quiz Stats

 Plays Quiz Updated Nov 2, 2019

Score 0/15 Timer 05:00
0 Plays Today
Question Answer Wrong Answers
Geography: Which constituent country is furthest North? Scotland
90.1%
England
2.4%
Wales
5.8%
Just For Fun: Which constituent country is the missing word in this title: Charles, Prince of ____? Wales
89.8%
England
1.9%
Scotland
3.4%
Entertainment: Which constituent country is home to Bristol Old Vic, a theater company in the oldest continually operating theater in the English-speaking world? England
89.7%
Scotland
5%
Wales
5.1%
Movies: Which constituent country is the birthplace of Sean Connery, the first actor to portray James Bond in film? Scotland
82.9%
England
3.5%
Wales
6.8%
Music: From which constituent country is 'What's New Pussycat' singer Tom Jones? Wales
78.7%
England
8.8%
Scotland
5.5%
Sports: In which constituent country was the game of golf invented? Scotland
78.1%
England
10.2%
Wales
4.2%
Literature: From which constituent country is The Canterbury Tales author Geoffrey Chaucer? England
73.9%
Scotland
7.2%
Wales
13.2%
Television: Which constituent country is the setting for Only Fools and Horses? England
70.7%
Scotland
5.6%
Wales
16.2%
Religion: Which constituent country's patron saint is St David? Wales
68.6%
England
11.6%
Scotland
12.7%
Science: From which constituent country is steam engine inventor James Watt? Scotland
63.8%
England
23.5%
Wales
5.3%
Gaming: The game Cluedo originated in which constituent country? England
58.9%
Scotland
26.9%
Wales
12.8%
Miscellaneous: Which constituent country's capital comes first alphabetically? Wales
58.3%
England
23.2%
Scotland
12.4%
Holiday: Which constituent country has 9 bank holidays as compared to 8 for each of the other two? Scotland
56.5%
England
12.4%
Wales
26.9%
Language: The Cornish language originated in which constituent country? England
54.5%
Scotland
5.1%
Wales
35.2%
History: Which constituent country was the birthplace of Prime Minister Tony Blair? Scotland
36.7%
England
46.9%
Wales
13.6%

Today's Daily Dose

You're not logged in!

Compare scores with friends on all Sporcle quizzes.
OR
Log In

Sporcle TV

Today on Sporcle TV


Watch our educational content, quiz creation guides, and fun videos on Sporcle TV.

Show Comments

Extras

Top Quizzes Today


Score Distribution

Your Account Isn't Verified!

In order to create a playlist on Sporcle, you need to verify the email address you used during registration. Go to your Sporcle Settings to finish the process.

Report this User

Report this user for behavior that violates our Community Guidelines.

Details: